000 00995cam a22002897a 4500
003 CHAP
005 20220329142141.0
008 000117d1996 mx r 00010 spa d
010 _a79239
011 _a80211
035 _a90658
040 _cCHAP
090 _aFolleto 15608
100 0 0 _aVázquez Gómez, Jorge.
_9120374
245 3 _aLa modernización de la educación agrícola superior en México
_c/por Jorge Vázquez Gómez
260 _aTuxtla Gutiérrez, Chiapas :
_bUniversidad Autónoma de Chiapas. Escuel de Ciencias Agronómicas. Campus V,
_c1996.
300 _a50 p.
590 _aBATCH-UPD
_b10
_c20130110
_lUCH01
_h2059
590 _aBATCH-UPD
_b10
_c20130410
_lUCH01
_h1411
590 _aBATCH-UPD
_b10
_c20130914
_lUCH01
_h1242
590 _aCONVERSION
_b10
_c20130109
_lUCH01
_h1344
650 1 4 _aEducación agrícola
_zMéxico.
_935552
901 _aBK
905 _aLilia Sánchez G.
942 _cFOLL
949 _aFolleto 15608
_bBC
_cFOLL
_d906581
_eTS1
_i90658
_kDonaciØn
_sb
999 _c79239
_d79239